| 000 | 00528nam a22001577a 4500 | ||
|---|---|---|---|
| 999 |
_c9386 _d9386 |
||
| 008 | 151026b xxu||||| |||| 00| 0 eng d | ||
| 020 | _a9789966461612 | ||
| 050 | _aAFR PL 8379 .N45N5 1982 | ||
| 100 | _aNgugi wa thiongo | ||
| 245 |
_aNitaolewa nikipenda/ _cNgugi wa thiongo and Ngugi Wa Mirii |
||
| 260 |
_aNairobi : _bEAEP, _c1982 |
||
| 300 |
_aviii,155p.: _bill. ; |
||
| 650 |
_aAfrican literature _xTamthilia |
||
| 700 | _aMirii Ngugi | ||
| 942 |
_2lcc _cSH_L_BOOKS _hAFR PL 8379 .N45N5 1982 _012 |
||